[Event "Wch Seniors 50 26th"]
[Site "Marianske Lazne"]
[Date "2016.11.28"]
[Round "9"]
[White "De Meester, Johan"]
[Black "Spacek, Libor"]
[Result "0-1"]
[WhiteElo "1828"]
[BlackElo "2112"]
[PlyCount "54"]
[EventDate "2016.11.19"]
[EventType "swiss"]
[EventRounds "11"]
[EventCountry "CZE"]
[SourceTitle "CBM 175 Extra"]
[Source "ChessBase"]
[SourceDate "2016.12.12"]
[SourceVersion "1"]
[SourceVersionDate "2016.12.12"]
[SourceQuality "1"]

1. c4 c5 2. Nc3 Nf6 3. g3 e6 4. Bg2 d5 5. d3 h6 6. Qb3 d4 7. Ne4 Nc6 8. Nxf6+ Qxf6 9. Nf3 Bd6 10. 0-0 0-0 11. e3 Rb8 12. Nd2 Bd7 13. Ne4 Qe7 14. Bd2 b6 15. Nxd6 Qxd6 16. Rae1 e5 17. Qc2 Bf5 18. e4 Be6 19. f4 f6 20. a3 b5 21. cxb5 Rxb5 22. fxe5 Nxe5 23. b4 Rc8 24. Qa4 Bd7 25. Qxa7 Nxd3 26. bxc5 Rbxc5 27. Rd1 Qc7 0-1

[Event "Wch Seniors 50 26th"]
[Site "Marianske Lazne"]
[Date "2016.11.23"]
[Round "5"]
[White "Rehurek, Jiri"]
[Black "Spacek, Libor"]
[Result "1-0"]
[WhiteElo "1633"]
[BlackElo "2112"]
[PlyCount "122"]
[EventDate "2016.11.19"]
[EventType "swiss"]
[EventRounds "11"]
[EventCountry "CZE"]
[SourceTitle "CBM 175 Extra"]
[Source "ChessBase"]
[SourceDate "2016.12.12"]
[SourceVersion "1"]
[SourceVersionDate "2016.12.12"]
[SourceQuality "1"]

1. c4 e6 2. d4 d5 3. Nf3 Nf6 4. g3 c5 5. Bg2 Nc6 6. 0-0 dxc4 7. Ne5 Qc7 8. Nxc6 bxc6 9. dxc5 Bxc5 10. Qa4 Bb7 11. Qxc4 Qb6 12. e3 Ba6 13. Qc2 Bxf1 14. Kxf1 0-0 15. Kg1 Rfd8 16. Nc3 Qc7 17. a3 Rd6 18. b4 Bb6 19. Bb2 Rad8 20. Ne4 Nxe4 21. Bxe4 f5 22. Bf3 Rd2 23. Qb3 Qd6 24. Rc1 c5 25. Qc3 Rd7 26. bxc5 Bxc5 27. Rf1 Qb6 28. Ba1 R2d3 29. Qc2 Bxa3 30. Rb1 Qc7 31. Qa4 a5 32. Kg2 Bb4 33. Rd1 Rxd1 34. Bxd1 Qd6 35. Bf3 Re7 36. Bd4 e5 37. Qb3+ Qe6 38. Bd5 exd4 39. Bxe6+ Kf8 40. exd4 g6 41. d5 Rc7 42. Qb2 Rc3 43. Qe2 Rc7 44. Qe5 Rc2 45. Qh8+ Ke7 46. Qxh7+ Kf6 47. Qh8+ Ke7 48. Qg7+ Kd6 49. Qxg6 Kc5 50. Qxf5 Rd2 51. h4 a4 52. Qf8+ Kc4 53. Qa8 a3 54. d6+ Kc3 55. d7 Be7 56. Qa5+ Kc2 57. Qxd2+ Kxd2 58. h5 Kc2 59. h6 Kb1 60. h7 Bf6 61. Kf3 a2 1-0

[Event "CZE-chT2C 0809"]
[Site "Czech Republic"]
[Date "2008.11.23"]
[Round "3.3"]
[White "Spacek, Libor"]
[Black "Vanek, Petr"]
[Result "1-0"]
[WhiteElo "2177"]
[BlackElo "2184"]
[PlyCount "117"]
[EventDate "2008.10.12"]
[EventType "tourn"]
[EventRounds "11"]
[EventCountry "CZE"]
[SourceTitle "EXT 2010"]
[Source "ChessBase"]
[SourceDate "2010.11.25"]
[SourceVersion "1"]
[SourceVersionDate "2010.11.25"]
[SourceQuality "1"]
[WhiteTeam "Vrchlabi"]
[BlackTeam "Vysehrad III"]
[WhiteTeamCountry "CZE"]
[BlackTeamCountry "CZE"]

1. e4 e6 2. Nc3 d5 3. d3 Nf6 4. Bg5 Be7 5. e5 Nfd7 6. Bxe7 Qxe7 7. f4 0-0 8. Qd2 f6 9. Nf3 a6 10. g3 c5 11. Bg2 fxe5 12. fxe5 Nc6 13. 0-0 Ndxe5 14. Nxe5 Rxf1+ 15. Rxf1 Nxe5 16. Qe3 Qd6 17. Re1 Ng4 18. Qe2 Nf6 19. Bh3 Kf7 20. Rf1 e5 21. Bg2 Be6 22. Re1 Rd8 23. Qxe5 Qxe5 24. Rxe5 b5 25. Nd1 Ng4 26. Re1 d4 27. Bh3 h5 28. Nf2 Bf5 29. Bxg4 hxg4 30. Re5 Kf6 31. Rxc5 Rd6 32. Kf1 Ke6 33. Ke2 Rd8 34. Rc6+ Kd5 35. Rxa6 Rc8 36. Kd2 Rh8 37. Ra5 Kc6 38. a4 Rxh2 39. Ke2 Rg2 40. Rxb5 g6 41. Rb4 Kc5 42. c3 dxc3 43. bxc3 Bxd3+ 44. Kxd3 Rxg3+ 45. Ke2 Kd5 46. Rd4+ Kc6 47. Ne4 Rg2+ 48. Kd3 Ra2 49. Rd6+ Kc7 50. Rxg6 Rxa4 51. Rxg4 Ra1 52. Rg6 Rb1 53. Kd4 Rd1+ 54. Kc5 Re1 55. Rg7+ Kd8 56. Nf6 Re6 57. Nd5 Kc8 58. Kb5 Rh6 59. c4 1-0

[Event "CZE-chT2c 0607"]
[Site "Czech Republic"]
[Date "2007.02.11"]
[Round "7.2"]
[White "Priehoda, Vitezslav"]
[Black "Spacek, Libor"]
[Result "0-1"]
[WhiteElo "2387"]
[BlackElo "2201"]
[PlyCount "63"]
[EventDate "2006.10.15"]
[EventType "team-tourn"]
[EventRounds "11"]
[EventCountry "CZE"]
[SourceTitle "EXT 2008"]
[Source "ChessBase"]
[SourceDate "2007.11.25"]
[SourceVersion "1"]
[SourceVersionDate "2007.11.25"]
[SourceQuality "1"]
[WhiteTeam "Lysa nad Labem"]
[BlackTeam "Vrchlabi"]
[WhiteTeamCountry "CZE"]
[BlackTeamCountry "CZE"]

1. d4 Nf6 2. c4 g6 3. Nc3 d6 4. e4 Bg7 5. f4 0-0 6. Nf3 c5 7. dxc5 dxc5 8. Bd3 Nc6 9. e5 Nb4 10. Bb1 Qxd1+ 11. Nxd1 Ng4 12. h3 Nh6 13. Be3 b6 14. a3 Na6 15. Be4 Rb8 16. Nc3 Nf5 17. Bf2 Bb7 18. Bxb7 Rxb7 19. g4 Nh6 20. 0-0-0 f5 21. g5 Nf7 22. h4 Rd8 23. e6 Nd6 24. Ne5 Re8 25. h5 Nc7 26. hxg6 hxg6 27. Nxg6 Nxe6 28. Nxe7+ Rbxe7 29. Rxd6 Nxf4 30. Bg3 Ne2+ 31. Nxe2 Rxe2 32. Rd2 0-1

[Event "CZE-chT2c 0607"]
[Site "Czech Republic"]
[Date "2006.12.03"]
[Round "4.4"]
[White "Spacek, Libor"]
[Black "Ringel, Zbynek"]
[Result "0-1"]
[WhiteElo "2201"]
[BlackElo "2232"]
[PlyCount "80"]
[EventDate "2006.10.15"]
[EventType "team-tourn"]
[EventRounds "11"]
[EventCountry "CZE"]
[SourceTitle "EXT 2008"]
[Source "ChessBase"]
[SourceDate "2007.11.25"]
[SourceVersion "1"]
[SourceVersionDate "2007.11.25"]
[SourceQuality "1"]
[WhiteTeam "Vrchlabi"]
[BlackTeam "Rychnov nad Kneznou"]
[WhiteTeamCountry "CZE"]
[BlackTeamCountry "CZE"]

1. e4 c5 2. Nc3 e6 3. g3 Nc6 4. Bg2 Nge7 5. d3 b6 6. Nf3 d5 7. 0-0 g6 8. Bg5 d4 9. Bf6 Rg8 10. Ne2 Qc7 11. c3 e5 12. cxd4 cxd4 13. Rc1 Qd6 14. Bxe7 Bxe7 15. Nd2 Bd7 16. Nc4 Qe6 17. f4 f6 18. a3 Rf8 19. Kh1 Bd6 20. Ng1 Kf7 21. Bh3 Qe7 22. Bxd7 Qxd7 23. Qa4 Rac8 24. fxe5 Bxe5 25. Nf3 Kg7 26. Ncxe5 fxe5 27. Kg2 Qd6 28. Rf2 Rf6 29. Rcf1 Rcf8 30. Qc4 h6 31. Nd2 Rxf2+ 32. Rxf2 Rxf2+ 33. Kxf2 Nd8 34. Nf3 Nf7 35. Kg2 h5 36. Qc1 Qc5 37. Qxc5 bxc5 38. Kf2 Kf6 39. Nd2 Nd6 40. Ke2 Kg5 0-1

[Event "CZE-chT2c 0607"]
[Site "Czech Republic"]
[Date "2006.10.15"]
[Round "1.4"]
[White "Spacek, Libor"]
[Black "Petran, Jan"]
[Result "1-0"]
[WhiteElo "2201"]
[BlackElo "2133"]
[PlyCount "45"]
[EventDate "2006.10.15"]
[EventType "team-tourn"]
[EventRounds "11"]
[EventCountry "CZE"]
[SourceTitle "EXT 2008"]
[Source "ChessBase"]
[SourceDate "2007.11.25"]
[SourceVersion "1"]
[SourceVersionDate "2007.11.25"]
[SourceQuality "1"]
[WhiteTeam "Vrchlabi"]
[BlackTeam "Liberec"]
[WhiteTeamCountry "CZE"]
[BlackTeamCountry "CZE"]

1. e4 e5 2. Nf3 Nc6 3. d4 exd4 4. Nxd4 Nf6 5. Nxc6 bxc6 6. e5 Nd5 7. c4 Nb6 8. Be2 Be7 9. 0-0 0-0 10. b3 f6 11. Bb2 fxe5 12. Bxe5 d6 13. Bb2 Bf6 14. Bxf6 Qxf6 15. Nd2 d5 16. Bf3 Bf5 17. cxd5 cxd5 18. Rc1 c6 19. Nb1 Nd7 20. Rxc6 Qg5 21. Qxd5+ Kh8 22. Qd2 Qxd2 23. Nxd2 1-0

[Event "Hradec Kralove Region-chT 0506"]
[Site "Czech Republic"]
[Date "2006.04.02"]
[Round "11.2"]
[White "Cerovsky, Marek"]
[Black "Spacek, Libor"]
[Result "1/2-1/2"]
[WhiteElo "1930"]
[BlackElo "2184"]
[PlyCount "22"]
[EventDate "2005.10.23"]
[EventType "team-tourn"]
[EventRounds "11"]
[EventCountry "CZE"]
[SourceTitle "EXT 2024"]
[Source "ChessBase"]
[SourceDate "2023.10.10"]
[SourceVersion "1"]
[SourceVersionDate "2023.10.10"]
[SourceQuality "1"]
[WhiteTeam "Dvur Kralove nad Labem"]
[BlackTeam "Vrchlabi"]
[WhiteTeamCountry "CZE"]
[BlackTeamCountry "CZE"]

1. d4 Nf6 2. Nf3 g6 3. c4 Bg7 4. Nc3 d6 5. Bg5 h6 6. Bh4 Nbd7 7. e3 c5 8. Bd3 Qa5 9. 0-0 g5 10. Bg3 Nh5 11. Bc2 Ndf6 1/2-1/2

[Event "Hradec Kralove Region-chT 0506"]
[Site "Czech Republic"]
[Date "2006.03.05"]
[Round "9.3"]
[White "Spacek, Libor"]
[Black "Jedlicka, Lubos"]
[Result "1-0"]
[WhiteElo "2184"]
[BlackElo "2032"]
[PlyCount "119"]
[EventDate "2005.10.23"]
[EventType "team-tourn"]
[EventRounds "11"]
[EventCountry "CZE"]
[SourceTitle "EXT 2024"]
[Source "ChessBase"]
[SourceDate "2023.10.10"]
[SourceVersion "1"]
[SourceVersionDate "2023.10.10"]
[SourceQuality "1"]
[WhiteTeam "Vrchlabi"]
[BlackTeam "Lipa"]
[WhiteTeamCountry "CZE"]
[BlackTeamCountry "CZE"]

1. g3 g6 2. Bg2 Bg7 3. Nf3 c5 4. 0-0 Nc6 5. d3 d6 6. e4 e6 7. c3 d5 8. Bg5 Nge7 9. exd5 exd5 10. Re1 Be6 11. d4 c4 12. Ne5 h6 13. Nxc6 bxc6 14. Bf4 0-0 15. Nd2 g5 16. Be5 Ng6 17. Bxg7 Kxg7 18. b3 Qa5 19. Qc1 Rac8 20. b4 Qc7 21. Nf3 Ne7 22. Qc2 Ng6 23. Re3 Rfe8 24. Rae1 Re7 25. Ne5 Nxe5 26. Rxe5 Rce8 27. Bf3 f6 28. R5e3 Bf5 29. Bh5 Bg6 30. Rxe7+ Rxe7 31. Rxe7+ Qxe7 32. Qe2 Qxe2 33. Bxe2 Kf7 34. f4 h5 35. fxg5 fxg5 36. Kf2 Kf6 37. Ke3 g4 38. Kf4 Bc2 39. Bf1 Bf5 40. Bg2 Be6 41. a3 a6 42. a4 Bd7 43. b5 cxb5 44. axb5 Bxb5 45. Bxd5 a5 46. Ke3 Ke7 47. Kd2 Kf6 48. Be4 Bd7 49. Kc1 Kg5 50. Kb2 h4 51. Ka3 hxg3 52. hxg3 Kf6 53. Bc2 Bc6 54. Ba4 Bg2 55. Bb5 Kf5 56. Bxc4 Ke4 57. Ka4 Kf3 58. d5 Kf2 59. d6 Bc6+ 60. Bb5 1-0

[Event "CZE-chT2c 0405"]
[Site "Czech Republic"]
[Date "2005.02.06"]
[Round "7.5"]
[White "Vyparina, Matej"]
[Black "Spacek, Libor"]
[Result "0-1"]
[WhiteElo "2206"]
[BlackElo "2155"]
[PlyCount "94"]
[EventDate "2004.10.17"]
[EventType "team-tourn"]
[EventRounds "11"]
[EventCountry "CZE"]
[SourceTitle "EXT 2007"]
[Source "ChessBase"]
[SourceDate "2006.11.23"]
[SourceVersion "1"]
[SourceVersionDate "2006.11.23"]
[SourceQuality "1"]
[WhiteTeam "Polabiny"]
[BlackTeam "Vrchlabi"]
[WhiteTeamCountry "CZE"]
[BlackTeamCountry "CZE"]

1. e4 d6 2. d4 Nf6 3. Nc3 g6 4. Nf3 Bg7 5. Be2 0-0 6. 0-0 Bg4 7. Be3 c6 8. a4 Qc7 9. h3 Bxf3 10. Bxf3 e5 11. Qd2 Rd8 12. Rfd1 Nbd7 13. d5 Ne8 14. a5 a6 15. dxc6 bxc6 16. Na4 f5 17. Nb6 Rab8 18. Nxd7 Rxd7 19. Bb6 Qb7 20. Qb4 d5 21. exd5 cxd5 22. c4 e4 23. Be2 d4 24. c5 d3 25. Bf1 Qd5 26. Rac1 Rc8 27. Qa4 Bxb2 28. c6 Rd6 29. Rc5 Qe6 30. c7 Bd4 31. Rc4 Bxb6 32. axb6 Rxb6 33. Rd4 Rxc7 34. Bxd3 exd3 35. R4xd3 Re7 36. Rd8 Qf7 37. Qd4 Rbe6 38. Kh2 Qf6 39. Qa4 Qe5+ 40. f4 Qe4 41. R1d4 Qc6 42. Qa2 Kf8 43. R4d5 Qc1 44. Rd4 Re1 45. Kg3 R1e3+ 46. Kh2 Qe1 47. Rxe8+ Rxe8 0-1

[Event "CZE-chT2c 0405"]
[Site "Czech Republic"]
[Date "2004.12.19"]
[Round "5.4"]
[White "Spacek, Libor"]
[Black "Movsesian, Mouseg"]
[Result "1-0"]
[WhiteElo "2155"]
[BlackElo "2175"]
[PlyCount "57"]
[EventDate "2004.10.17"]
[EventType "team-tourn"]
[EventRounds "11"]
[EventCountry "CZE"]
[SourceTitle "EXT 2007"]
[Source "ChessBase"]
[SourceDate "2006.11.23"]
[SourceVersion "1"]
[SourceVersionDate "2006.11.23"]
[SourceQuality "1"]
[WhiteTeam "Vrchlabi"]
[BlackTeam "Synthesia II"]
[WhiteTeamCountry "CZE"]
[BlackTeamCountry "CZE"]

1. d4 Nf6 2. g3 c6 3. Bg2 d6 4. e4 Nbd7 5. Nd2 e5 6. c3 Be7 7. Ne2 0-0 8. 0-0 Rb8 9. f4 b5 10. Qc2 c5 11. dxe5 dxe5 12. Nf3 Qc7 13. fxe5 Ng4 14. Nf4 Ndxe5 15. Nd5 Qd7 16. Bf4 Qe6 17. Nxe5 Nxe5 18. Rad1 Bd6 19. b3 c4 20. bxc4 bxc4 21. Be3 Nd3 22. Rb1 Rxb1 23. Rxb1 Qd7 24. Bd4 Bb7 25. Rxb7 Qxb7 26. e5 Ne1 27. Qe4 Qb8 28. exd6 Nxg2 29. Nf6+ 1-0

[Event "CZE-chT2V 0203"]
[Site "Czech Republic"]
[Date "2003.??.??"]
[Round "6"]
[White "Spacek, Libor"]
[Black "Petuchov, Sergej"]
[Result "0-1"]
[WhiteElo "2171"]
[BlackElo "2270"]
[PlyCount "94"]
[EventDate "2002.10.??"]
[EventType "team-tourn"]
[EventRounds "11"]
[EventCountry "CZE"]
[SourceTitle "EXT 2007"]
[Source "ChessBase"]
[SourceDate "2006.11.23"]
[SourceVersion "1"]
[SourceVersionDate "2006.11.23"]
[SourceQuality "1"]
[WhiteTeam "Vrchlabi"]
[BlackTeam "AVE Kontakt"]
[WhiteTeamCountry "CZE"]
[BlackTeamCountry "CZE"]

1. g3 e5 2. Bg2 c6 3. d4 exd4 4. Qxd4 d5 5. Nf3 Nd7 6. 0-0 Ngf6 7. c4 Bc5 8. Qd3 Nb6 9. cxd5 Qxd5 10. Qxd5 Nbxd5 11. e3 0-0 12. Nbd2 Re8 13. Nb3 Bb6 14. Bd2 a5 15. Nbd4 Ne4 16. Rfd1 a4 17. Be1 h6 18. Rac1 a3 19. b3 g5 20. Rd3 f5 21. Nd2 Nb4 22. Nxe4 Nxd3 23. Nf6+ Kf7 24. Rc3 Nxe1 25. Nxe8 Kxe8 26. Bf1 g4 27. Be2 Bxd4 28. exd4 Nf3+ 29. Bxf3 gxf3 30. Rxf3 Be6 31. Rd3 Bd5 32. Kf1 Be4 33. Rd1 Kd7 34. Ke2 Re8 35. Rd2 b5 36. f3 Bd5+ 37. Kf2 Kd6 38. Rd3 Ke6 39. Re3+ Kf7 40. Rd3 Kf6 41. Rd2 f4 42. gxf4 Kf5 43. Rd3 Kxf4 44. Rc3 b4 45. Rd3 Re7 46. h3 h5 47. h4 Re8 0-1

[Event "CZE-chT2V 0203"]
[Site "Czech Republic"]
[Date "2002.??.??"]
[Round "5"]
[White "Spacek, Libor"]
[Black "Kopta, Pavel"]
[Result "1-0"]
[WhiteElo "2171"]
[BlackElo "2237"]
[PlyCount "111"]
[EventDate "2002.10.??"]
[EventType "team-tourn"]
[EventRounds "11"]
[EventCountry "CZE"]
[SourceTitle "EXT 2007"]
[Source "ChessBase"]
[SourceDate "2006.11.23"]
[SourceVersion "1"]
[SourceVersionDate "2006.11.23"]
[SourceQuality "1"]
[WhiteTeam "Vrchlabi"]
[BlackTeam "Kobylisy"]
[WhiteTeamCountry "CZE"]
[BlackTeamCountry "CZE"]

1. g3 g6 2. Bg2 Bg7 3. Nc3 e5 4. d3 Ne7 5. e4 d6 6. Be3 Be6 7. Qd2 Nbc6 8. Nf3 f6 9. d4 exd4 10. Nxd4 Nxd4 11. Bxd4 Nc6 12. Be3 Ne5 13. Bh6 Nc4 14. Qc1 Qd7 15. Bxg7 Qxg7 16. b3 Nb6 17. 0-0 0-0 18. Nb5 a6 19. Nd4 Bd7 20. Qd2 Rae8 21. Rae1 Re7 22. c4 Rfe8 23. Re3 Bc8 24. Rfe1 Nd7 25. f4 Nc5 26. b4 Ne6 27. Ne2 Kh8 28. Nc3 g5 29. Nd5 Rf7 30. e5 dxe5 31. fxe5 fxe5 32. Rxe5 Rd8 33. Qe3 c6 34. Nb6 Nf4 35. gxf4 gxf4 36. Re8+ Rxe8 37. Qxe8+ Rf8 38. Qe5 f3 39. Qxg7+ Kxg7 40. Bxf3 Rxf3 41. Nxc8 Ra3 42. Re7+ Kh6 43. Rxb7 Rxa2 44. Rb6 Kg5 45. Rxc6 Kg4 46. Ne7 a5 47. bxa5 Rxa5 48. c5 h5 49. Rg6+ Kf3 50. Rf6+ Kg4 51. c6 Rc5 52. Kg2 Rc2+ 53. Rf2 Rc4 54. h3+ Kg5 55. h4+ Kh6 56. Nd5 1-0

[Event "CZE-chT2V 0203"]
[Site "Czech Republic"]
[Date "2002.??.??"]
[Round "5"]
[White "Spacek, Libor"]
[Black "Pirklova, Hana"]
[Result "1-0"]
[WhiteElo "2171"]
[BlackElo "2155"]
[PlyCount "59"]
[EventDate "2002.10.??"]
[EventType "team-tourn"]
[EventRounds "11"]
[EventCountry "CZE"]
[SourceTitle "EXT 2007"]
[Source "ChessBase"]
[SourceDate "2006.11.23"]
[SourceVersion "1"]
[SourceVersionDate "2006.11.23"]
[SourceQuality "1"]
[WhiteTeam "Vrchlabi"]
[BlackTeam "Rychnov nad Kneznou"]
[WhiteTeamCountry "CZE"]
[BlackTeamCountry "CZE"]

1. d4 Nf6 2. c4 g6 3. Nc3 Bg7 4. e4 d6 5. Be2 0-0 6. Nf3 Nbd7 7. 0-0 e5 8. d5 Nh5 9. g3 Nc5 10. b4 Na6 11. a3 f5 12. Nh4 Nf4 13. Bf3 Nh3+ 14. Kh1 fxe4 15. Nxe4 g5 16. Ng2 Bf5 17. Qe2 h5 18. Ne3 g4 19. Bg2 Nf4 20. gxf4 exf4 21. Nxf5 Rxf5 22. Ra2 f3 23. Bxf3 gxf3 24. Qd3 Qh4 25. Rg1 Re8 26. Ng5 Rxg5 27. Bxg5 Qh3 28. Be3 Kh8 29. Qg6 Re7 30. Bh6 1-0

[Event "CZE-chTV 0102"]
[Site "Czech Republic"]
[Date "2001.??.??"]
[Round "5"]
[White "Spacek, Libor"]
[Black "Laznicka, Viktor"]
[Result "0-1"]
[WhiteElo "2145"]
[BlackElo "2164"]
[PlyCount "86"]
[EventDate "2001.??.??"]
[EventType "team-tourn"]
[EventRounds "11"]
[EventCountry "CZE"]
[SourceTitle "EXT 2003"]
[Source "ChessBase"]
[SourceDate "2002.11.25"]
[SourceVersion "1"]
[SourceVersionDate "2002.11.25"]
[SourceQuality "1"]
[WhiteTeam "Vrchlabi"]
[BlackTeam "Synthesia"]
[WhiteTeamCountry "CZE"]
[BlackTeamCountry "CZE"]

1. e4 e6 2. Nc3 d5 3. g3 Nf6 4. Bg2 Be7 5. d3 0-0 6. Nge2 c5 7. 0-0 Nc6 8. f4 b6 9. e5 Nd7 10. Nb1 Bb7 11. c3 f6 12. exf6 Bxf6 13. Nd2 Qc7 14. f5 exf5 15. Bxd5+ Kh8 16. Nf4 Nd8 17. Bxb7 Qxb7 18. Nf3 Nc6 19. Nd5 Rae8 20. Bf4 Be5 21. Ng5 Nf6 22. Nxf6 Bxf6 23. Qf3 Qd7 24. Rad1 Bxg5 25. Bxg5 Ne5 26. Qe2 Nf7 27. Qd2 Nxg5 28. Qxg5 Re2 29. Rd2 h6 30. Qf4 g5 31. Rxe2 gxf4 32. Rxf4 Qxd3 33. Ref2 Kh7 34. Kg2 Qd5+ 35. Kh3 Kg6 36. R4f3 h5 37. a3 Re8 38. Rf4 Re4 39. R4f3 Qe6 40. Kg2 Re2 41. h3 Rxf2+ 42. Rxf2 Qe4+ 43. Kh2 h4 0-1

[Event "CZE-chTV 0001"]
[Site "Czech Republic"]
[Date "2001.??.??"]
[Round "3"]
[White "Spacek, Libor"]
[Black "Postupa, Pavel"]
[Result "0-1"]
[WhiteElo "2165"]
[BlackElo "2165"]
[PlyCount "76"]
[EventDate "2000.??.??"]
[EventType "team-tourn"]
[EventRounds "11"]
[EventCountry "CZE"]
[SourceTitle "EXT 2003"]
[Source "ChessBase"]
[SourceDate "2002.11.25"]
[SourceVersion "1"]
[SourceVersionDate "2002.11.25"]
[SourceQuality "1"]

1. e4 e6 2. Nc3 c5 3. d3 Nc6 4. g3 d5 5. Bg2 d4 6. Nce2 e5 7. f4 Nf6 8. Nf3 Bd6 9. 0-0 Bg4 10. h3 Bd7 11. c3 dxc3 12. bxc3 0-0 13. Be3 Qc8 14. Kh2 Bg4 15. Qc2 Qc7 16. Kh1 Bxf3 17. Bxf3 Qd7 18. f5 h6 19. g4 Nh7 20. Ng3 Be7 21. Nh5 Qd6 22. Rad1 Rac8 23. Qf2 b6 24. Be2 Bg5 25. h4 Bxe3 26. Qxe3 f6 27. Rg1 Rc7 28. Rg3 Nd8 29. d4 cxd4 30. cxd4 Nf7 31. dxe5 Qxe5 32. Nf4 Rfc8 33. Ng6 Qb2 34. Rg2 Qxa2 35. Rd2 Qa1+ 36. Rg1 Qa5 37. Rgd1 Nf8 38. Qb3 Kh7 0-1

[Event "Plzen op-A"]
[Site "Plzen"]
[Date "2001.??.??"]
[Round "3"]
[White "Spacek, Libor"]
[Black "Sedy, Pavel"]
[Result "1/2-1/2"]
[WhiteElo "2165"]
[BlackElo "1895"]
[PlyCount "86"]
[EventDate "2001.??.??"]
[EventType "swiss"]
[EventRounds "9"]
[EventCountry "CZE"]
[SourceTitle "EXT 2003"]
[Source "ChessBase"]
[SourceDate "2002.11.25"]
[SourceVersion "1"]
[SourceVersionDate "2002.11.25"]
[SourceQuality "1"]

1. e4 e6 2. c4 d5 3. cxd5 exd5 4. exd5 Nf6 5. Nc3 Nxd5 6. Nf3 Be7 7. d4 0-0 8. Bc4 c6 9. 0-0 Nb6 10. Bb3 Bg4 11. d5 Bb4 12. Qd4 Bxf3 13. Qxb4 Bxd5 14. Nxd5 cxd5 15. Rd1 Nc6 16. Qg4 Qd6 17. Be3 Rad8 18. Bxb6 axb6 19. Bxd5 Qf6 20. b3 g6 21. Qf3 Qxf3 22. Bxf3 Kg7 23. g3 Kf6 24. Kg2 Rxd1 25. Rxd1 Rd8 26. Rxd8 Nxd8 27. Bd5 Ke5 28. h4 h6 29. Kf1 Ne6 30. Ke2 Nd4+ 31. Kd2 f5 32. Bf7 g5 33. hxg5 hxg5 34. Bg6 g4 35. Bf7 b5 36. a4 b4 37. Bc4 b6 38. Bf7 Ke4 39. Ke1 Kf3 40. Bg8 Kg2 41. Bd5+ Kg1 42. Bc4 Kg2 43. Bd5+ Kg1 1/2-1/2

[Event "CZE-chTV 0102"]
[Site "Czech Republic"]
[Date "2001.??.??"]
[Round "4"]
[White "Spacek, Libor"]
[Black "Vesely, Tomas"]
[Result "1/2-1/2"]
[WhiteElo "2145"]
[BlackElo "2113"]
[PlyCount "102"]
[EventDate "2001.??.??"]
[EventType "team-tourn"]
[EventRounds "11"]
[EventCountry "CZE"]
[SourceTitle "EXT 2003"]
[Source "ChessBase"]
[SourceDate "2002.11.25"]
[SourceVersion "1"]
[SourceVersionDate "2002.11.25"]
[SourceQuality "1"]
[WhiteTeam "Vrchlabi"]
[BlackTeam "Infinity C"]
[WhiteTeamCountry "CZE"]
[BlackTeamCountry "CZE"]

1. e4 c5 2. Nc3 Nc6 3. f4 e6 4. Nf3 Nge7 5. d3 d5 6. Be2 dxe4 7. dxe4 Qxd1+ 8. Bxd1 Nd4 9. Nxd4 cxd4 10. Nb5 Kd7 11. Nxd4 Nc6 12. Be3 Be7 13. c3 a6 14. Bf3 e5 15. Bg4+ Kc7 16. Nxc6 bxc6 17. Bxc8 exf4 18. Bxf4+ Kxc8 19. 0-0-0 Ra7 20. Kc2 Re8 21. Rhe1 h6 22. Re2 Bg5 23. Bxg5 hxg5 24. b4 Rae7 25. Rde1 Kc7 26. c4 Re5 27. Kc3 f6 28. h3 Ra8 29. a4 Rae8 30. Re3 Rh8 31. Rd1 Rhe8 32. Rd4 R8e7 33. Kd3 f5 34. c5 Re8 35. Re2 a5 36. Kc4 axb4 37. Kxb4 Rb8+ 38. Kc4 Ra8 39. Kd3 Rae8 40. Rc4 Rd8+ 41. Kc3 Rd1 42. Kc2 Rd8 43. Rd2 fxe4 44. Rxd8 Kxd8 45. Kd2 e3+ 46. Ke2 Kd7 47. Rc3 g6 48. Rd3+ Kc7 49. Rxe3 Rxc5 50. Re6 Kb6 51. Rxg6 Ka5 1/2-1/2

[Event "Frymburk op-A"]
[Site "Frymburk"]
[Date "2000.??.??"]
[Round "7"]
[White "Kastner, Oldrich"]
[Black "Spacek, Libor"]
[Result "1-0"]
[WhiteElo "2125"]
[BlackElo "2165"]
[PlyCount "162"]
[EventDate "2000.01.??"]
[EventType "swiss"]
[EventRounds "9"]
[EventCountry "CZE"]
[SourceTitle "EXT 2002"]
[Source "ChessBase"]
[SourceDate "2001.11.25"]
[SourceVersion "1"]
[SourceVersionDate "2001.11.25"]
[SourceQuality "1"]

1. e4 d6 2. d4 Nf6 3. Nc3 g6 4. f3 c6 5. Be3 b5 6. Qd2 Nbd7 7. 0-0-0 Qa5 8. Kb1 Nb6 9. Nd5 Qxd2 10. Nxf6+ exf6 11. Bxd2 d5 12. Bd3 Be6 13. Ne2 Bd6 14. Nf4 0-0-0 15. exd5 Nxd5 16. Nxd5 Bxd5 17. c3 Rhe8 18. b3 Be6 19. Kc2 Re7 20. a4 a6 21. Ra1 Kb7 22. axb5 axb5 23. Ra2 Ra8 24. Rxa8 Kxa8 25. Ra1+ Ra7 26. Rxa7+ Kxa7 27. h3 Kb6 28. c4 bxc4 29. bxc4 c5 30. Be3 f5 31. d5 Bd7 32. Kb3 f4 33. Bd2 f5 34. Ka3 g5 35. Bc2 h5 36. Ba4 Bxa4 37. Kxa4 g4 38. Bc3 Ka6 39. Bf6 gxh3 40. gxh3 Kb6 41. Bd8+ Ka6 42. Bg5 Kb6 43. Bf6 Ka6 44. Bd8 Be5 45. Be7 Kb6 46. d6 Kc6 47. d7 Kxd7 48. Bxc5 Kc6 49. Bb4 Bd4 50. Kb3 Be3 51. Kc2 Ba7 52. Kd3 Bb6 53. Bd2 Bc7 54. Kd4 Bd6 55. Be1 Bc7 56. Bb4 Bb8 57. Be7 Bc7 58. Bf6 Bd6 59. Be5 Bc5+ 60. Kd3 Be3 61. Bd4 Bc1 62. Kc2 Be3 63. Kd3 Bc1 64. Bf6 Be3 65. Bb2 Bc5 66. Be5 Be3 67. Kc3 Bc1 68. Bf6 Be3 69. Be7 Bc1 70. Bb4 Be3 71. Kd3 Bb6 72. Bd2 Bc7 73. Kd4 Bd6 74. Ba5 Bb8 75. c5 Ba7 76. Ke5 Bxc5 77. Kxf4 Be7 78. Kxf5 Kd5 79. Bc7 Kd4 80. Bf4 Kd3 81. Bg5 Bd6 1-0